000
00311nam a2200121Ia 4500
008
220216s9999 xx 000 0 und d
100
_a
Gent A N
245
0
_a
Why do cracks turn sideways ?
260
_b
Rubber Chemistry and Technology
_c
2003
300
_a
122-131
700
_a
Razzaghi-Kashani M
942
_c
JS
999
_c
72410
_d
72410